[Event "WCh-Junior Girls"]
[Site "Gaziantep TUR"]
[Date "2008.08.13"]
[Round "11"]
[White "Chierici,M"]
[Black "Acar,G"]
[Result "1-0"]
[WhiteElo "2037"]
[BlackElo "1931"]
[EventDate "2008.08.03"]

1. e4 e6 2. d3 d5 3. Nd2 Nf6 4. Ngf3 b6 5. e5 Nfd7 6. g3 c5 7. c3 Ba6 8.
Qa4 b5 9. Qf4 Nc6 10. Be2 h6 11. d4 c4 12. O-O Bb7 13. Qe3 Ne7 14. Bd1 Nf5
15. Qe2 b4 16. Bc2 bxc3 17. bxc3 Ne7 18. Rb1 Rb8 19. Ba3 Nc6 20. Bxf8 Kxf8
21. Qe3 Ke7 22. Nh4 g5 23. Ng2 Qg8 24. f4 Bc8 25. Ba4 Bb7 26. f5 Nb6 27.
Bc2 Bc8 28. fxe6 Bxe6 29. Qf3 Qg7 30. Rb5 g4 31. Qe2 Nd7 32. Rfb1 Rxb5 33.
Rxb5 Rb8 34. Rxb8 Ncxb8 35. Nh4 Qg5 36. Kf2 h5 37. Qe3 Qxe3+ 38. Kxe3 f6
39. Ng6+ Kf7 40. Kf4 Nc6 41. exf6 Kxf6 42. Nh4 Ne7 43. Ba4 Nc8 44. Nf1 Nd6
45. Bc2 Bf7 46. Ne3 Nf8 47. Nef5 Nb5 48. a4 Nxc3 49. Nd6 Ng6+ 50. Nxg6 Bxg6
51. Bxg6 Kxg6 52. a5 Nd1 53. Nb5 c3 54. Na3 Kf6 55. Nc2 Nb2 56. Ke3 Nc4+
57. Kd3 Nxa5 58. Nb4 Ke6 59. Kxc3 Nb7 60. Nd3 Nd6 61. Nf4+ Kf5 62. Nxd5
Ne4+ 63. Kb4 Nf6 64. Nc3 Ke6 65. Kc5 Nd7+ 66. Kc6 Nb6 67. Nb5 Nd5 68. Nxa7
Ne7+ 69. Kc5 Nf5 70. d5+ Kd7 71. Nc6 h4 72. gxh4 Nxh4 73. Ne5+ Ke7 74. Nxg4
Nf5 75. h3 Kd7 76. Nf6+ Ke7 77. Ne4 Kd7 78. Ng5 Nh4 79. Kd4 Ng6 80. Nf3 Kd6
81. Ng5 Nf4 82. Ne4+ Ke7 83. h4 Kf7 84. Kc5 Kg6 85. Ng3 Kf6 86. Kc6 Ke7 87.
d6+ Kd8 88. Nf5 Nd3 89. h5 Ne5+ 90. Kd5 Nf7 91. Ke6 Ke8 92. d7+ Kf8 93. h6
Nd8+ 94. Kf6 1-0

[Event "WCh-Junior Girls"]
[Site "Gaziantep TUR"]
[Date "2008.08.13"]
[Round "11"]
[White "Bayrak,A"]
[Black "Kaya,Sen"]
[Result "1-0"]
[WhiteElo "2013"]
[BlackElo "1529"]
[EventDate "2008.08.03"]

1. e4 c5 2. Nf3 e6 3. d4 cxd4 4. Nxd4 Nf6 5. Bd3 Qb6 6. Nb3 Qc7 7. Qe2 Nc6
8. c4 Be7 9. Nc3 a6 10. O-O O-O 11. f4 d6 12. Be3 Rb8 13. Rae1 Nb4 14. Bb1
Bd7 15. a3 Nc6 16. c5 dxc5 17. e5 Nd5 18. Nxd5 exd5 19. Qc2 g6 20. Bxc5 Bf5
21. Qf2 Bxb1 22. Rxb1 b6 23. Bxe7 Qxe7 24. Rbc1 Rfc8 25. Nd4 Na5 26. Qf3
Qd7 27. f5 Nc4 28. e6 fxe6 29. fxe6 Qg7 30. Qf7+ Qxf7 31. exf7+ Kf8 32.
Rce1 1-0

[Event "WCh-Junior Girls"]
[Site "Gaziantep TUR"]
[Date "2008.08.13"]
[Round "11"]
[White "Albano Jeremias,B"]
[Black "Bukovec,T"]
[Result "1-0"]
[WhiteElo "1990"]
[BlackElo "1929"]
[EventDate "2008.08.03"]

1. e4 c5 2. Nf3 Nc6 3. Bb5 g6 4. O-O Bg7 5. c3 e5 6. Re1 Nh6 7. d3 O-O 8.
Bxc6 dxc6 9. Bxh6 Bxh6 10. Nxe5 Qd6 11. Nc4 Qe6 12. Qe2 b5 13. Ne3 Rd8 14.
Nd2 Qd6 15. Nb3 Be6 16. Red1 Bg7 17. g3 a5 18. f4 a4 19. e5 Qe7 20. Nd2 f6
21. exf6 Bxf6 22. Ne4 Bg7 23. Ng4 Bf5 24. Ngf2 h5 25. Qe3 Rd5 26. Re1 Rad8
27. Re2 b4 28. Rae1 bxc3 29. bxc3 Kh8 30. Qf3 Qd7 31. Ng5 Bf6 32. c4 Rd4
33. Nge4 Bg4 34. Nxg4 hxg4 35. Qg2 Be7 36. Nf2 Bf6 37. Ne4 Be7 38. Nf2 Bf6
39. Re6 Rd6 40. Rxd6 Qxd6 41. Nxg4 Qxd3 42. Nxf6 Qd4+ 43. Qf2 Qxf6 44. Qxc5
Qd4+ 45. Qxd4+ Rxd4 46. Re6 Rxc4 47. Rxg6 a3 48. Kg2 Rc2+ 49. Kh3 c5 50.
Rc6 Kg7 51. g4 1-0

[Event "WCh-Junior Girls"]
[Site "Gaziantep TUR"]
[Date "2008.08.13"]
[Round "11"]
[White "Berke,A"]
[Black "Efroimski,M"]
[Result "0-1"]
[WhiteElo "2100"]
[BlackElo "2091"]
[EventDate "2008.08.03"]

1. e4 e6 2. d3 d5 3. Nd2 Nf6 4. Ngf3 b6 5. g3 dxe4 6. dxe4 Bb7 7. Qe2 Ba6
8. c4 Nc6 9. e5 Nd7 10. a3 Bb7 11. Rg1 a5 12. b3 Nc5 13. Bb2 Qe7 14. Qe3
O-O-O 15. O-O-O g6 16. Ng5 Bg7 17. f4 f6 18. Ngf3 Rd7 19. Be2 Rhd8 20. Nb1
fxe5 21. fxe5 Qf8 22. g4 a4 23. bxa4 Na5 24. Nd4 Qh8 25. Nf3 Nab3+ 26. Kc2
Be4+ 27. Kc3 Bxe5+ 28. Kb4 Bxb2 29. Ng5 Bc2 30. Qf3 Nb7 31. Rxd7 Rxd7 32.
Nxe6 Qe8 33. Qc6 Qxe6 0-1

[Event "WCh-Junior Girls"]
[Site "Gaziantep TUR"]
[Date "2008.08.13"]
[Round "11"]
[White "Garcia,Li"]
[Black "Antonova,N"]
[Result "1-0"]
[WhiteElo "1792"]
[BlackElo "1883"]
[EventDate "2008.08.03"]

1. d4 d5 2. c4 e6 3. Nc3 c5 4. cxd5 exd5 5. e3 Nf6 6. Bd3 Nc6 7. Nge2 b6 8.
O-O Be7 9. Bd2 O-O 10. Be1 Nb4 11. Bb1 Bb7 12. f3 Re8 13. a3 Nc6 14. Bf2
Na5 15. Bd3 Bd6 16. Ng3 Nc4 17. Bxc4 dxc4 18. Nf5 Bf8 19. dxc5 Bxc5 20. e4
Qc7 21. Bxc5 Qxc5+ 22. Qd4 Qxd4+ 23. Nxd4 Red8 24. Rfd1 Nd7 25. Ndb5 a6 26.
Nd6 Bc6 27. Nxc4 b5 28. Na5 Rac8 29. Nxc6 Rxc6 30. Rd4 Kf8 31. Rad1 Ke8 32.
Nd5 Rcc8 33. Ne3 Ne5 34. Rxd8+ Rxd8 35. Rxd8+ Kxd8 36. Kf1 Kd7 37. Ke2 Kc6
38. f4 Nd7 39. b4 f6 40. Kd3 g6 41. g3 Kd6 42. h3 Nf8 43. Nc2 g5 44. Nd4
Nd7 45. Nb3 h5 46. h4 gxh4 47. gxh4 Nf8 48. f5 Nd7 49. Ke3 Ne5 50. Nc5 Nc4+
51. Kf4 Nxa3 52. Nxa6 Nc4 53. Nc5 Ne5 54. Ke3 Ng4+ 55. Kf3 Ne5+ 56. Kf4 Ke7
57. Nb3 Nd3+ 58. Ke3 Nxb4 59. Nd4 Kd7 60. Nxb5 Nc2+ 61. Kf4 Ne1 62. Nc3
Nd3+ 63. Ke3 Ne1 64. Nd5 Ng2+ 65. Kf2 Nxh4 66. Kg3 Nxf5+ 67. exf5 Kd6 68.
Ne3 Ke5 69. Kh4 Kf4 70. Kxh5 Kxe3 71. Kg6 1-0

[Event "WCh-Junior Girls"]
[Site "Gaziantep TUR"]
[Date "2008.08.14"]
[Round "12"]
[White "Harika,D"]
[Black "Kazimova,N"]
[Result "1-0"]
[WhiteElo "2461"]
[BlackElo "2148"]
[EventDate "2008.08.03"]

1. Nf3 Nf6 2. c4 b6 3. g3 c5 4. Bg2 Bb7 5. Nc3 g6 6. O-O Bg7 7. d4 cxd4 8.
Qxd4 O-O 9. Qh4 d6 10. Bh6 Nbd7 11. Rac1 a6 12. Rfd1 Rc8 13. b3 Rc7 14. Bh3
Qa8 15. Ng5 Nc5 16. Nd5 Bxd5 17. cxd5 Qb7 18. Bg2 Ncd7 19. Bxg7 Kxg7 20.
Qd4 Rxc1 21. Rxc1 Rc8 22. Rc6 h6 23. Qc3 Re8 24. Ne4 Kg8 25. Rc7 Qb8 26.
Nxf6+ Nxf6 27. Qc6 b5 28. Bf3 Kf8 29. h4 h5 30. Kg2 Ng4 31. Bxg4 hxg4 32.
e4 Qa8 33. Kf1 Qxc6 34. dxc6 Ra8 35. Ke2 Ke8 36. Ke3 Kd8 37. Rd7+ Ke8 38.
Rb7 Rc8 39. Rb6 a5 40. Kf4 b4 41. Kxg4 Kd8 42. Ra6 Kc7 43. f3 f6 44. Kf4
Rh8 45. Rxa5 Kxc6 46. Ke3 Kb6 47. Rd5 Rc8 48. Rd2 Rc1 49. Kf2 Kc5 50. g4 e6
51. Kg2 d5 52. h5 gxh5 53. gxh5 Kd6 54. h6 Rc7 55. exd5 exd5 56. Kg3 Rh7
57. Rh2 Ke5 58. Rh4 f5 59. Kf2 Kf6 60. Ke3 Kg5 61. Rxb4 Rxh6 62. a4 f4+ 63.
Kd4 Kh4 64. a5 Kg3 65. Ra4 Kxf3 66. a6 Rh8 67. a7 Ra8 68. b4 1-0

[Event "WCh-Junior Girls"]
[Site "Gaziantep TUR"]
[Date "2008.08.14"]
[Round "12"]
[White "Muzychuk,M"]
[Black "Bodnaruk,A"]
[Result "1/2-1/2"]
[WhiteElo "2413"]
[BlackElo "2394"]
[EventDate "2008.08.03"]

1. e4 c5 2. Nc3 d6 3. Bb5+ Bd7 4. Bxd7+ Qxd7 5. f4 Nc6 6. Nf3 g6 7. O-O Bg7
8. d3 Nf6 9. Qe1 O-O 10. h3 Ne8 11. g4 f5 12. gxf5 gxf5 13. Kh2 e5 14. fxe5
dxe5 15. exf5 Rxf5 16. Ne4 Nd4 17. Nxd4 cxd4 18. Bg5 Rc8 19. Qe2 Rc6 20. c4
dxc3 21. bxc3 Rxf1 22. Rxf1 Rg6 23. Qf3 b6 24. h4 h6 25. Bc1 Nd6 26. h5 Re6
27. Rg1 Nxe4 28. dxe4 Rd6 29. Rg3 Qe6 30. Qe2 Qf7 31. Kg2 Kh7 32. Be3 Rc6
33. Bc1 Bf8 34. a3 Rf6 35. Qg4 Rf2+ 36. Kh3 Rf1 37. Qg6+ Qxg6 38. hxg6+ Kg7
39. Bd2 Rf6 40. c4 Rxg6 41. Rd3 Rd6 42. Rg3+ Kf7 43. Bb4 Rf6 44. Rd3 Bxb4
45. axb4 Rc6 46. Rc3 Ke7 47. c5 a5 48. bxa5 bxc5 49. a6 Kd6 50. Ra3 Rc8 51.
a7 Ra8 52. Kg4 c4 53. Ra5 Kc6 54. Kf3 Kb6 55. Rxe5 Rxa7 56. Ke3 Rc7 57. Kd2
Rc5 58. Re6+ Rc6 59. Re5 Kc7 60. Kc3 Kd6 61. Re8 Kd7 62. Rh8 Ke7 63. Rh7+
Kf8 64. e5 Kg8 65. Rd7 h5 66. Rd4 Kg7 67. Re4 Kf7 68. Re3 Rc8 69. e6+ Ke7
70. Re5 Rh8 71. Kxc4 h4 72. Kd3 h3 73. Re1 Rh6 74. Rh1 Kxe6 75. Ke4 Rh4+
76. Kf3 Kf5 77. Kg3 Kg5 1/2-1/2

[Event "WCh-Junior Girls"]
[Site "Gaziantep TUR"]
[Date "2008.08.14"]
[Round "12"]
[White "Soumya,Sw"]
[Black "Mikadze,M"]
[Result "1/2-1/2"]
[WhiteElo "2293"]
[BlackElo "2258"]
[EventDate "2008.08.03"]

1. e4 c6 2. d4 d5 3. f3 e6 4. Nc3 Bb4 5. Bf4 Nf6 6. Qd3 b6 7. Nge2 Ba6 8.
Qe3 O-O 9. O-O-O Be7 10. g4 c5 11. exd5 Nxd5 12. Nxd5 exd5 13. dxc5 Bxc5
14. Qe5 Nc6 15. Qh5 Qf6 16. Qg5 Qxg5 17. Bxg5 Ne5 18. Ng3 Nxf3 19. Bxa6
Nxg5 20. Bb7 Rae8 21. Bxd5 Nh3 22. Ne4 Rxe4 23. Bxe4 Nf2 24. Bd5 Nxh1 25.
Rxh1 g6 26. c3 a5 27. a3 Rd8 28. Rd1 Kg7 29. Rd3 f5 30. gxf5 gxf5 31. Kd2
Kf6 32. b4 axb4 1/2-1/2

[Event "WCh-Junior Girls"]
[Site "Gaziantep TUR"]
[Date "2008.08.14"]
[Round "12"]
[White "Paikidze,N"]
[Black "Nakhbayeva,G"]
[Result "1-0"]
[WhiteElo "2277"]
[BlackElo "2170"]
[EventDate "2008.08.03"]

1. d4 Nf6 2. c4 e6 3. Nf3 b6 4. a3 Ba6 5. Qb3 c5 6. d5 exd5 7. cxd5 d6 8.
Nc3 g6 9. Bf4 Bg7 10. Qa4+ b5 11. Nxb5 O-O 12. Nc3 Qb6 13. Qc2 Bc4 14. Nd2
Bxd5 15. e4 Re8 16. O-O-O Be6 17. Nc4 Bxc4 18. Bxc4 Nc6 19. Rxd6 Red8 20.
Qb3 Qxb3 21. Bxb3 Nd4 22. Bc4 Re8 23. f3 h6 24. Ra6 g5 25. Bd6 Ne6 26. Nb5
Bf8 27. Bxf8 Kxf8 28. Nd6 Re7 29. Nf5 Rb7 30. Bxe6 fxe6 31. Rxe6 Ng8 32.
Rd1 Rab8 33. Rd2 c4 34. Rc6 1-0

[Event "WCh-Junior Girls"]
[Site "Gaziantep TUR"]
[Date "2008.08.14"]
[Round "12"]
[White "Nemcova,Kat"]
[Black "Severiukhina,Z"]
[Result "1-0"]
[WhiteElo "2372"]
[BlackElo "2300"]
[EventDate "2008.08.03"]

1. e4 e6 2. d4 d5 3. Nc3 Nf6 4. e5 Nfd7 5. Nce2 c5 6. f4 Nc6 7. c3 Qb6 8.
Nf3 cxd4 9. cxd4 Bb4+ 10. Nc3 O-O 11. Bd3 f6 12. a3 fxe5 13. fxe5 Rxf3 14.
Qxf3 Qxd4 15. Qh3 Bxc3+ 16. bxc3 Qxe5+ 17. Kd1 Nf6 18. Rf1 d4 19. Bd2 Bd7
20. Rb1 Ne7 21. Rb4 Nf5 22. cxd4 Qa5 23. g4 Re8 24. gxf5 exf5 25. Bxf5 Ba4+
26. Kc1 1-0

[Event "WCh-Junior Girls"]
[Site "Gaziantep TUR"]
[Date "2008.08.14"]
[Round "12"]
[White "Alavi,H"]
[Black "Gomes,Mary"]
[Result "0-1"]
[WhiteElo "1723"]
[BlackElo "2316"]
[EventDate "2008.08.03"]

1. Nf3 f5 2. e4 fxe4 3. Ng5 Nf6 4. d3 e3 5. Bxe3 e5 6. d4 exd4 7. Bxd4 Nc6
8. Bc4 Qe7+ 9. Be3 Qb4+ 10. Nd2 d5 11. Bd3 Bg4 12. f3 Bd7 13. Qe2 O-O-O 14.
c3 Qh4+ 15. Qf2 Qxf2+ 16. Kxf2 Ne5 17. Be2 h6 18. Nh3 Kb8 19. Nb3 Bd6 20.
Bc5 Bxh3 21. gxh3 Nh5 22. Bxd6 Rxd6 23. Rhe1 Nf4 24. Nc5 b6 25. Bf1 Re8 26.
Na6+ Kb7 27. Red1 c5 28. b3 Rf8 29. a4 Nxh3+ 30. Bxh3 Rxf3+ 31. Kg1 Rxh3
32. a5 Kxa6 33. axb6+ Kxb6 34. Ra2 Rg6+ 35. Kh1 Nf3 36. Rda1 a5 37. b4 cxb4
38. cxb4 a4 0-1

[Event "WCh-Junior Girls"]
[Site "Gaziantep TUR"]
[Date "2008.08.14"]
[Round "12"]
[White "Foisor,S"]
[Black "Ozturk,Ku"]
[Result "0-1"]
[WhiteElo "2337"]
[BlackElo "2188"]
[EventDate "2008.08.03"]

1. d4 d5 2. c4 dxc4 3. Nf3 Nf6 4. e3 e6 5. Bxc4 c5 6. O-O a6 7. Bb3 Nc6 8.
Nc3 Be7 9. Qe2 cxd4 10. Rd1 O-O 11. Nxd4 Qc7 12. Nxc6 Qxc6 13. Bd2 b5 14.
Rac1 Qb7 15. f3 Bd7 16. e4 Bc6 17. Be3 a5 18. Qf2 a4 19. Bc2 Rfd8 20. Ne2
e5 21. Qg3 Rxd1+ 22. Rxd1 Qc7 23. Nc1 Bd7 24. Qf2 Rc8 25. Bd3 b4 26. Ne2
Be6 27. Bb5 Qa5 28. Bd3 Bxa2 29. Bb6 Qa8 30. Ra1 Be6 31. Ba7 a3 32. bxa3
bxa3 33. Nc1 Qb7 34. Bb6 Nd7 35. Be3 Bc5 36. Bxc5 Rxc5 37. Rb1 Qxb1 38.
Qxc5 Nxc5 39. Bxb1 Nb3 40. Na2 Nd2 41. Nc3 Nxb1 42. Nxb1 a2 0-1

[Event "WCh-Junior Girls"]
[Site "Gaziantep TUR"]
[Date "2008.08.14"]
[Round "12"]
[White "Mamedjarova,T"]
[Black "Nikolova,A"]
[Result "1-0"]
[WhiteElo "2284"]
[BlackElo "2242"]
[EventDate "2008.08.03"]

1. d4 Nf6 2. Nf3 e6 3. e3 b6 4. Bd3 Bb7 5. Nbd2 c5 6. c3 d5 7. Ne5 Nfd7 8.
O-O Nxe5 9. dxe5 g6 10. f4 Bg7 11. Nf3 O-O 12. h4 Nc6 13. h5 d4 14. exd4
cxd4 15. hxg6 hxg6 16. Ng5 dxc3 17. bxc3 Qd5 18. Qe2 Rfd8 19. Be4 Qc5+ 20.
Be3 Qe7 21. Qg4 Na5 22. Bc2 Nc4 23. Bf2 Rd2 24. Be4 Bh6 25. Qf3 Bd5 26.
Bxd5 Rxd5 27. Ne4 Bg7 28. Qh3 f5 29. exf6 Bxf6 30. Nxf6+ Qxf6 31. Rae1 Re8
32. Bd4 Rxd4 33. cxd4 Qxd4+ 34. Rf2 e5 35. Qg4 e4 36. Qxg6+ Kf8 37. Qf5+
Kg8 38. Qg4+ Kf8 39. Rd1 Qc5 40. Rd7 Re7 41. Rd8+ Re8 42. Rxe8+ Kxe8 43.
Qg6+ Kf8 44. Qxe4 Ne3 45. Qa8+ Kf7 46. Qxa7+ Kf8 47. Qd7 Qc1+ 48. Kh2 Qe1
49. Rf3 Nf1+ 50. Rxf1 Qxf1 51. Qf5+ Kg7 52. Qg5+ Kf8 53. f5 Qd3 54. f6 Qh7+
55. Kg3 Qd3+ 56. Kg4 Qd1+ 57. Kh3 Qd3+ 58. Kh4 Qd4+ 59. Kh5 Qd1+ 60. Kh6
Qh1+ 61. Kg6 Qb1+ 62. Qf5 Qc1 63. Qe4 Qa3 64. Qe7+ Qxe7 65. fxe7+ Kxe7 66.
g4 b5 67. g5 b4 68. Kh7 Kd6 69. g6 Kc5 70. g7 Kb5 71. g8=Q Ka4 72. Qd5 b3
73. Qxb3+ Ka5 74. a4 Ka6 75. Qb5+ Ka7 76. a5 Ka8 77. Qd7 Kb8 78. a6 Ka8 79.
Qb7+ 1-0

[Event "WCh-Junior Girls"]
[Site "Gaziantep TUR"]
[Date "2008.08.14"]
[Round "12"]
[White "Sgircea,S"]
[Black "Abrahamyan,T"]
[Result "1-0"]
[WhiteElo "2167"]
[BlackElo "2277"]
[EventDate "2008.08.03"]

1. Nf3 Nf6 2. c4 g6 3. Nc3 Bg7 4. e4 d6 5. d4 O-O 6. Be3 e5 7. dxe5 dxe5 8.
Qxd8 Rxd8 9. Nd5 Na6 10. O-O-O Re8 11. Nxf6+ Bxf6 12. c5 Nb4 13. a3 Nc6 14.
Bb5 Kg7 15. h3 h6 16. g4 Be6 17. Rhg1 g5 18. Kc2 Kg6 19. Bd2 a5 20. b3 Bg7
21. Bc3 f6 22. Bd2 h5 23. gxh5+ Kf7 24. Bxg5 fxg5 25. Nxg5+ Kf6 26. Bxc6
bxc6 27. Nxe6 1-0

[Event "WCh-Junior Girls"]
[Site "Gaziantep TUR"]
[Date "2008.08.14"]
[Round "12"]
[White "Guo Qi"]
[Black "Pourkashiyan,A"]
[Result "1-0"]
[WhiteElo "2048"]
[BlackElo "2269"]
[EventDate "2008.08.03"]

1. d4 Nf6 2. Nf3 e6 3. c4 d5 4. Nc3 Nbd7 5. Bg5 Be7 6. e3 O-O 7. Rc1 a6 8.
c5 c6 9. Bd3 e5 10. Bxf6 Bxf6 11. dxe5 Be7 12. Qc2 h6 13. Na4 Qc7 14. Qc3
Re8 15. Bb1 Bf8 16. h4 Nxe5 17. Nb6 Rb8 18. Nxc8 Rbxc8 19. Qc2 g6 20. h5
Bg7 21. Nxe5 Qxe5 22. hxg6 fxg6 23. Qxg6 Qxb2 24. Rd1 Qf6 25. Qxf6 Bxf6 26.
Rxh6 Bg7 27. Rg6 Kf7 28. Bf5 Rc7 29. Ke2 Re5 30. g4 Rce7 31. Rd6 Bf8 32.
Rh1 Kg8 33. Kd3 Rc7 34. Rg6+ Rg7 35. Be6+ Rxe6 36. Rxe6 Rxg4 37. Rb1 Kf7
38. Re5 Kf6 39. f4 Rg7 40. e4 Bxc5 41. exd5 cxd5 42. Rxd5 b6 43. Re1 Rg3+
44. Ke4 Ra3 45. Re2 a5 46. f5 Ra4+ 47. Kd3 Rf4 48. Re6+ Kf7 49. Rd7+ Kf8
50. Rc6 Ke8 51. Rh7 Kd8 52. f6 Rd4+ 53. Kc3 Rf4 54. f7 Bb4+ 55. Kd3 Bc5 56.
Re6 Rd4+ 57. Kc3 Rd7 58. Re8+ Kc7 59. f8=Q Rxh7 60. Qf4+ Bd6 61. Qc4+ Bc5
62. Qd5 Rd7 63. Qa8 Kd6 64. Qb8+ Kc6 65. Re6+ Bd6 66. Kc4 Rc7 67. Kd4 Rd7
68. a4 Rc7 69. Qa8+ 1-0

[Event "WCh-Junior Girls"]
[Site "Gaziantep TUR"]
[Date "2008.08.14"]
[Round "12"]
[White "Majdan,J"]
[Black "Nadig,K"]
[Result "1/2-1/2"]
[WhiteElo "2323"]
[BlackElo "2241"]
[EventDate "2008.08.03"]

1. e4 c5 2. Nf3 d6 3. d4 Nf6 4. Nc3 cxd4 5. Nxd4 a6 6. Bg5 e6 7. f4 Nbd7 8.
Qf3 Qc7 9. O-O-O b5 10. Bd3 Bb7 11. Rhe1 Qb6 12. Qe3 Be7 13. e5 dxe5 14.
fxe5 Ng4 15. Qf4 Bxg5 16. Qxg5 Nf2 17. Rd2 Nxd3+ 18. Rxd3 O-O 19. Rg3 g6
20. Nf3 b4 21. Qh6 Bxf3 22. Rh3 Bh5 23. Ne4 f6 24. g4 Nxe5 25. gxh5 Ra7 26.
hxg6 Nxg6 27. Rg3 Rg7 28. h4 Qa5 29. Nd2 Qc7 30. Reg1 Rc8 31. c4 bxc3 32.
Rxc3 Qb7 33. Ne4 Rxc3+ 34. Nxc3 Qb4 35. Kb1 Qxh4 36. Qe3 Qc4 37. Rd1 Re7
38. Qh6 Re8 39. Rd7 Qf1+ 40. Kc2 Qf5+ 41. Kd1 Ne7 42. Qh1 Qf2 43. Rd2 Qf4
44. Qb7 Nf5 45. Ne4 Qf1+ 46. Kc2 Ne3+ 47. Kb3 Rf8 48. Ka4 Nd5 49. b4 Qf3
50. Nc5 Rd8 51. Rh2 Nc3+ 52. Ka5 Qxb7 53. Nxb7 Rd4 54. Rc2 Nd5 55. a3 f5
56. Rc8+ Kf7 57. Rc6 Ne7 58. Rxa6 f4 59. Rd6 Re4 60. Nd8+ Kf6 61. b5 f3 62.
Rd2 Re3 63. a4 Rb3 64. b6 Nd5 65. b7 Ne3 66. Ka6 e5 67. Nc6 e4 68. Na5 Rb4
69. Rd8 Ng4 70. Rd6+ Kg7 71. Rd4 Rxd4 72. b8=Q f2 73. Qf4 h5 74. Qg5+ Kf8
75. Qc5+ Kg8 76. Qg5+ Kf8 77. Qf5+ Kg7 78. Qg5+ 1/2-1/2

[Event "WCh-Junior Girls"]
[Site "Gaziantep TUR"]
[Date "2008.08.14"]
[Round "12"]
[White "Gasik,An"]
[Black "Daulyte,D"]
[Result "1/2-1/2"]
[WhiteElo "2211"]
[BlackElo "2288"]
[EventDate "2008.08.03"]

1. e4 c5 2. Nf3 d6 3. d4 cxd4 4. Nxd4 Nf6 5. Nc3 g6 6. Bc4 Bg7 7. O-O O-O
8. Re1 Nc6 9. Bb3 Bd7 10. Bg5 Nxd4 11. Qxd4 Bc6 12. Qd2 Re8 13. Nd5 Bxd5
14. exd5 Qd7 15. Rad1 Rac8 16. c3 b5 17. Qf4 Qb7 18. Qh4 Rc7 19. Rd3 a5 20.
a3 h5 21. h3 1/2-1/2

[Event "WCh-Junior Girls"]
[Site "Gaziantep TUR"]
[Date "2008.08.14"]
[Round "12"]
[White "Yildiz,B"]
[Black "Dauletova,G"]
[Result "1-0"]
[WhiteElo "2236"]
[BlackElo "2267"]
[EventDate "2008.08.03"]

1. e4 c5 2. Nf3 d6 3. d4 cxd4 4. Nxd4 Nf6 5. f3 Nc6 6. c4 Qb6 7. Nc2 a6 8.
Nc3 e6 9. Rb1 Be7 10. Be3 Qc7 11. Be2 Ne5 12. Rc1 Nxc4 13. Bxc4 Qxc4 14.
Nd4 Qb4 15. Nb3 d5 16. a3 Qd6 17. Bc5 Qd8 18. exd5 exd5 19. O-O O-O 20. Qd4
Bxc5 21. Nxc5 b6 22. Nd3 Be6 23. Rcd1 Rc8 24. Nf4 Rc4 25. Qd2 Rc5 26. Qe2
Qc8 27. Rd4 Rd8 28. Rfd1 b5 29. g4 h6 30. h4 Re8 31. g5 hxg5 32. hxg5 Nh7
33. Qg2 Rc4 34. Kh1 Qc5 35. Nce2 Qe7 36. Rg1 Qc5 37. g6 fxg6 38. Qxg6 Qe7
39. Nxe6 Rxd4 40. N2xd4 Nf8 41. Qxg7+ Qxg7 42. Nxg7 Rb8 43. Nge6+ Kf7 44.
Nxf8 1-0

[Event "WCh-Junior Girls"]
[Site "Gaziantep TUR"]
[Date "2008.08.14"]
[Round "12"]
[White "Muminova,N"]
[Black "Pertlova,S"]
[Result "1-0"]
[WhiteElo "2242"]
[BlackElo "2217"]
[EventDate "2008.08.03"]

1. e4 c5 2. b3 b6 3. Bb2 Bb7 4. Nc3 e6 5. Nf3 Nc6 6. d4 cxd4 7. Nxd4 a6 8.
Qd2 Nf6 9. O-O-O Qc7 10. Nf3 Be7 11. Kb1 d6 12. h3 O-O 13. g4 Ne5 14. Qe3
Nxf3 15. Qxf3 d5 16. Bg2 Rac8 17. Ka1 Bb4 18. Ne2 Nxe4 19. Nd4 Nc3 20. Rc1
Ba8 21. Qd3 b5 22. Ne2 Qa5 23. Nxc3 Bxc3 24. f4 b4 25. Rcd1 Bxb2+ 26. Kxb2
Rc3 27. Qf1 Rfc8 28. Rd2 R8c5 29. Kb1 Qc7 30. Qf2 a5 31. f5 e5 32. f6 e4
33. Re1 h6 34. fxg7 Qe5 35. Rf1 Qxg7 36. Qf4 Bb7 37. Rdf2 Rc7 38. Qd6 Qf8
39. Qe5 Ba6 40. Re1 Bb7 41. g5 Qe7 42. Qd4 hxg5 43. h4 gxh4 44. Bf3 f6 45.
Rg1+ Kh7 46. Rh2 f5 47. Qe5 R3c6 48. Qxf5+ Kh8 49. Qh5+ Qh7 50. Qe8+ 1-0

[Event "WCh-Junior Girls"]
[Site "Gaziantep TUR"]
[Date "2008.08.14"]
[Round "12"]
[White "Hoolt,S"]
[Black "Hamrakulova,Y"]
[Result "0-1"]
[WhiteElo "2298"]
[BlackElo "2145"]
[EventDate "2008.08.03"]

1. e4 e5 2. Bc4 Nf6 3. d3 Nc6 4. Nf3 Bc5 5. Bb3 O-O 6. O-O d6 7. c3 Bb6 8.
Nbd2 Be6 9. Bc2 d5 10. Qe2 d4 11. h3 Nd7 12. Rd1 Qe7 13. Nf1 f6 14. Ng3 g6
15. Kh1 Kh8 16. Ba4 Ndb8 17. Bd2 a6 18. a3 dxc3 19. bxc3 Bc5 20. Bc1 b5 21.
Bc2 Na5 22. Bb2 Bd6 23. Nd2 Nd7 24. d4 Bc4 25. Qe1 Nb6 26. Bc1 Bf7 27. Ne2
c6 28. f3 Rfd8 29. Qf2 Nbc4 30. a4 Nxd2 31. Bxd2 Nb3 32. Rab1 bxa4 33. Be3
Bc4 34. Nc1 Nxc1 35. Rdxc1 a3 36. Bb3 Bxb3 37. Rxb3 Rab8 38. Rcb1 Rb5 39.
c4 Rxb3 40. Rxb3 exd4 41. Bxd4 Be5 42. Bxe5 Qxe5 43. Rb1 Rb8 44. Rd1 Qb2
45. Qc5 a2 46. Qa5 Qb1 47. Rg1 Qxg1+ 48. Kxg1 Rb1+ 49. Kh2 a1=Q 50. Qd8+
Kg7 51. Qe7+ Kg8 52. Qe8+ Kg7 53. Qe7+ Kh6 54. Qf8+ Kg5 55. h4+ Kf4 56.
Qd6+ Ke3 57. Qc5+ Ke2 0-1

[Event "WCh-Junior Girls"]
[Site "Gaziantep TUR"]
[Date "2008.08.14"]
[Round "12"]
[White "Kalashyan,V"]
[Black "Tsatsalashvili,K"]
[Result "1-0"]
[WhiteElo "2049"]
[BlackElo "2271"]
[EventDate "2008.08.03"]

1. e4 c5 2. Nf3 d6 3. d4 cxd4 4. Nxd4 Nf6 5. Nc3 Nc6 6. Be2 e5 7. Nf3 h6 8.
O-O Be7 9. Re1 O-O 10. h3 Be6 11. Bf1 Qd7 12. a4 Nh7 13. b3 Ng5 14. Nxg5
hxg5 15. Ba3 g4 16. hxg4 Bxg4 17. Qd2 Rac8 18. Nd5 Bd8 19. Ne3 Be7 20. Bc4
Rfd8 21. Nxg4 Qxg4 22. Qd5 Rf8 23. c3 Qd7 24. Rad1 Qc7 25. Re3 Qa5 26. Qd3
a6 27. Rh3 Nd8 28. Qg3 Rxc4 29. Qh2 f6 30. Rh8+ Kf7 31. Qh5+ g6 32. Rh7+
Ke8 33. Rxe7+ Kxe7 34. Bxd6+ Ke8 35. Qxg6+ Nf7 36. Qxf6 Rc7 37. Qe6+ 1-0

[Event "WCh-Junior Girls"]
[Site "Gaziantep TUR"]
[Date "2008.08.14"]
[Round "12"]
[White "Ivakhinova,I"]
[Black "Hegarty,S"]
[Result "1-0"]
[WhiteElo "2248"]
[BlackElo "1966"]
[EventDate "2008.08.03"]

1. d4 Nf6 2. c4 g6 3. Nc3 d5 4. Nf3 Bg7 5. Bf4 O-O 6. Rc1 dxc4 7. e4 Bg4 8.
Bxc4 Nh5 9. Be3 Bxf3 10. gxf3 e5 11. dxe5 Bxe5 12. Qxd8 Rxd8 13. O-O Nc6
14. Nd5 Na5 15. Bg5 Rd7 16. Bb5 c6 17. b4 cxb5 18. bxa5 h6 19. Bxh6 Nf6 20.
Nxf6+ Bxf6 21. Rfd1 Rad8 22. Rxd7 Rxd7 23. a6 Be7 24. axb7 Rxb7 25. Bd2 f6
26. Kf1 Kf7 27. Ke2 Bd6 28. f4 a5 29. Rc6 Ke7 30. Bc3 Kd7 31. Ra6 Rc7 32.
Kd3 a4 33. e5 fxe5 34. Rxd6+ Kxd6 35. Bxe5+ Kd7 36. Bxc7 Kxc7 37. Kc3 Kb6
38. f5 1-0

[Event "WCh-Junior Girls"]
[Site "Gaziantep TUR"]
[Date "2008.08.14"]
[Round "12"]
[White "Davletbayeva,M"]
[Black "Isgandarova,K"]
[Result "0-1"]
[WhiteElo "2155"]
[BlackElo "2207"]
[EventDate "2008.08.03"]

1. e4 e6 2. d3 d5 3. Nd2 Nf6 4. Ngf3 dxe4 5. dxe4 Nc6 6. Be2 Bc5 7. O-O e5
8. h3 O-O 9. c3 a5 10. Qc2 Qe7 11. Rd1 Nh5 12. Nc4 Nf4 13. Be3 f5 14. Bf1
fxe4 15. Bxc5 Qxc5 16. Qxe4 Bf5 17. Qe3 Qxe3 18. Nxe3 Bg6 19. Nh4 Bf7 20.
Bb5 Be6 21. Kh2 g5 22. Nf3 Nxh3 23. Bxc6 bxc6 24. Nxe5 Nxf2 25. Rd2 Rf6 26.
g4 Raf8 27. Nxc6 Nxg4+ 28. Nxg4 Bxg4 29. Rd5 Rxc6 0-1

[Event "WCh-Junior Girls"]
[Site "Gaziantep TUR"]
[Date "2008.08.14"]
[Round "12"]
[White "Wiid,D"]
[Black "Leks,H"]
[Result "1-0"]
[WhiteElo "1931"]
[BlackElo "2198"]
[EventDate "2008.08.03"]

1. e4 d6 2. d4 Nf6 3. Nc3 Nc6 4. Nf3 Bg4 5. Be2 e5 6. dxe5 dxe5 7. Qxd8+
Rxd8 8. Bb5 Bb4 9. Bxc6+ bxc6 10. Bd2 Nd7 11. a3 Bxc3 12. Bxc3 f6 13. Nd2
Be6 14. Ke2 g5 15. h3 h5 16. f3 Kf7 17. h4 Rdg8 18. Kf2 g4 19. Rad1 g3+ 20.
Ke3 c5 21. Nf1 Nb6 22. Nd2 Na4 23. Nb1 c4 24. b3 Nb6 25. b4 Na4 26. Ba1 Rd8
27. Nc3 Nb6 28. Rxd8 Rxd8 29. Rd1 Rg8 30. Ne2 c3 31. Nxc3 Nc4+ 32. Ke2 Nxa3
33. Rc1 Rb8 34. Nb1 Nxb1 35. Rxb1 a5 36. Bc3 Bc4+ 37. Ke1 a4 38. Ra1 Bb5
39. Ra3 Bc6 40. Bd2 Bb5 41. Be3 Ra8 42. Bc5 Ke6 43. Be3 f5 44. exf5+ Kxf5
45. Bc1 e4 46. fxe4+ Kg4 47. Rf3 1-0